000 00437nam a2200133Ia 4500
003 GCL
008 140319s9999 xx 000 0 ara d
040 _aGCL /
_cGCL
082 0 4 _a417.9
_bش ح
245 1 0 _aحركة اللغة العربية وادابها فى نيجيريا من سنة 1804_ الى سنة 1966
260 _a[S.N] :
_bدار المعارف ،
_c1992
300 _a340ص
490 _aالمكتبة الافريقية
_v0
999 _c54903
_d54903